|
|
|
|
| LEADER |
00913nam a2200253 a 4500 |
| 001 |
11797508 |
| 008 |
100110s2003 njua b 001 0 eng d |
| 010 |
|
|
|a 99049448
|
| 020 |
|
|
|a 0131202030
|
| 020 |
|
|
|a 0130166804
|
| 040 |
|
|
|a DLC
|c DLC
|d DLC
|d BD-DhAAL
|
| 082 |
0 |
0 |
|a 658.3
|2 22
|
| 100 |
1 |
|
|a Robbins, Stephen P.,
|d 1943-
|
| 245 |
1 |
0 |
|a Organizational behavior /
|c Stephen P. Robbins.
|
| 250 |
|
|
|a 10th ed.
|
| 260 |
|
|
|a Upper Saddle River, N.J. :
|b Pearson/Prentice Hall,
|c c2003.
|
| 300 |
|
|
|a xxix, 675 p. :
|b col. ill. ;
|c 26 cm.
|
| 504 |
|
|
|a Includes bibliographical references and indexes.
|
| 541 |
1 |
|
|e 00015692
|
| 650 |
|
0 |
|a Organizational behavior.
|
| 852 |
4 |
|
|a Ayesha Abed Library
|j General Shelf.
|
| 942 |
0 |
0 |
|0 2
|
| 999 |
|
|
|c 6848
|d 6848
|
| 952 |
|
|
|0 0
|1 0
|2 ddc
|4 0
|6 658_300000000000000_ROB_2003
|7 0
|9 7059
|a BRACUL
|b BRACUL
|c GEN
|d 2010-01-11
|l 16
|m 57
|o 658.3 ROB
|p 3010015692
|r 2025-05-12
|s 2025-05-05
|t 1
|w 2010-01-11
|y BK
|